000 00756nam a22002297a 4500
003 UA-OsUOA
001 51220
007 ta
008 20140828b un ||||| |||| 00| 0 ukr d
090 _a082
_bУ45
942 _cBK
040 _aUA-OsUOA
_bukr
_cUA-OsUOA
_dUA-OsUOA
245 _aУкраїнський визвольний рух
_bЗошит 3
_cДо 75-ліття Організації Українських Націоналістів
300 _a303 с.
955 _a1
041 _aukr
080 _a082
260 _aЛьвів
_bМс
_c2004
650 7 _a08 Видання. Колективні праці
_2UDC
999 _c431350
_d431350